000 00301nam a2200121Ia 4500
008 190722s9999 xx 000 0 und d
020 _a978-969-8624-96-5
100 _aMunwar Hussain
245 0 _aSynopsis of Taxes in Pakistan 2017
260 _aKarachi
_bIBP
_c2017
300 _a962p.:
942 _cBK
999 _c910
_d910